70's Punk/New Wave Band Names: Picture Clues - Statistics

General Stats
  • This quiz has been taken 314 times
  • The average score is 8 of 16
Answer Stats
Picture Answer % Correct
Police
88%
Cars
86%
M
69%
Cigarettes
56%
Magazine
56%
Jam
55%
Flys
53%
Vibrators or Buzzcocks
51%
Wire
44%
Korgis
43%
Records
39%
Skids
36%
B52's
30%
The Fall
30%
Yachts
16%
Purple Hearts
11%
No matching quizzes found
Score Distribution
Percent of People with Each Score
Percentile by Number Answered
Your Score History
You have not taken this quiz